[Event "St.Petersburg Rapid 2016"]
[Site "St Petersburg RUS"]
[Date "2016.08.27"]
[Round "5.1"]
[White "Yudin, Sergei"]
[Black "Dubov, Daniil"]
[Result "1-0"]
[WhiteTitle "GM"]
[BlackTitle "GM"]
[WhiteElo "2539"]
[BlackElo "2648"]
[WhiteFideId "4159659"]
[BlackFideId "24126055"]
[EventDate "2016.08.27"]

1. e4 e5 2. Nf3 Nc6 3. Bc4 Nf6 4. d3 Bc5 5. O-O O-O 6. Nbd2 d6 7. c3 a6 8. Bb3
Ba7 9. h3 Ne7 10. Re1 Ng6 11. Nf1 Re8 12. Ng3 c6 13. d4 Be6 14. Bc2 h6 15. Be3
Qc7 16. Qd2 Rad8 17. Rad1 b5 18. Qc1 a5 19. a3 Bb6 20. Nf5 Nh5 21. Bxh6 Ngf4 22.
Bxf4 Nxf4 23. g3 Ng6 24. Qg5 a4 25. h4 exd4 26. cxd4 Ba5 27. Rf1 d5 28. h5 dxe4
29. N3h4 Bxf5 30. Nxf5 Re6 31. hxg6 fxg6 32. Ne3 Qf7 33. d5 cxd5 34. Rxd5 Rf8
35. Rxb5 Bd8 36. Qd5 Bb6 37. Qc4 Kh8 38. Bxa4 Qf6 39. Bb3 Ree8 40. Ng4 Qf3 41.
Rxb6 Qxg4 42. Re6 Kh7 43. Rxe8 Rxe8 44. Re1 Qf5 45. Bc2 Rc8 46. Qe2 1-0

[Event "St.Petersburg Rapid 2016"]
[Site "St Petersburg RUS"]
[Date "2016.08.27"]
[Round "5.3"]
[White "Alekseenko, Kirill"]
[Black "Ponkratov, Pavel"]
[Result "1-0"]
[WhiteTitle "GM"]
[BlackTitle "GM"]
[WhiteElo "2582"]
[BlackElo "2589"]
[WhiteFideId "4135539"]
[BlackFideId "4157800"]
[EventDate "2016.08.27"]

1. e4 e6 2. d4 d5 3. Nd2 h6 4. Ngf3 Nf6 5. Bd3 c5 6. exd5 Nxd5 7. Nb3 Nd7 8. O-O
Qc7 9. Qe2 Be7 10. dxc5 O-O 11. Qe4 N5f6 12. Qc4 Nd5 13. Bd2 a5 14. a4 Nxc5 15.
Nxc5 Bxc5 16. Qe4 f5 17. Qc4 b6 18. Rfe1 Rf6 19. Nd4 Qf7 20. Be2 e5 21. Bh5 g6
22. Rxe5 gxh5 23. Qxd5 Qxd5 24. Rxd5 Bb7 25. Rd7 Be4 26. c3 Rg6 27. g3 h4 28.
Re1 Rf8 29. b4 axb4 30. cxb4 Bxd4 31. Rxd4 hxg3 32. hxg3 h5 33. Rc1 h4 34. Bf4
Ra8 35. b5 Ra7 36. Rc8+ Kf7 37. Rdd8 hxg3 38. fxg3 Rb7 39. Kf2 Re6 40. Rf8+ Kg6
41. Rg8+ Rg7 42. Be3 Rxg8 43. Rxg8+ Kf7 44. Rb8 Bc2 45. a5 bxa5 46. b6 Re5 47.
b7 Rb5 48. Rh8 f4 49. b8=Q Rxb8 50. Rxb8 fxe3+ 51. Kxe3 a4 52. Ra8 Ke6 53. Kd2
Bb3 54. Ra5 Kf6 55. Ke3 Kg6 56. g4 Bd1 57. Kf4 Bc2 58. Ra6+ Kg7 59. Kg5 Kf7 60.
Kh6 1-0

[Event "St.Petersburg Rapid 2016"]
[Site "St Petersburg RUS"]
[Date "2016.08.27"]
[Round "5.4"]
[White "Alekseev, Evgeny"]
[Black "Matinian, Nikita"]
[Result "1-0"]
[WhiteTitle "GM"]
[BlackTitle "IM"]
[WhiteElo "2636"]
[BlackElo "2488"]
[WhiteFideId "4138147"]
[BlackFideId "24129100"]
[EventDate "2016.08.27"]

1. e4 c5 2. Nf3 d6 3. d4 cxd4 4. Qxd4 Nc6 5. Bb5 Bd7 6. Qd3 Nf6 7. c4 g6 8. Nc3
Bg7 9. O-O O-O 10. h3 Rc8 11. Be3 a6 12. Bxc6 Bxc6 13. Nd4 Nd7 14. Rac1 e6 15.
Rfd1 Nc5 16. Qc2 Qh4 17. f3 Be5 18. b4 Nd7 19. b5 axb5 20. cxb5 Bxd4 21. Rxd4
Bxb5 22. Qd2 Bc6 23. Bg5 Qh5 24. Be7 Rfe8 25. Bxd6 e5 26. Rb4 Nf8 27. Nd5 Bxd5
28. Rxc8 Rxc8 29. exd5 Qf5 30. Rxb7 Nd7 31. Rc7 Rb8 32. Kh2 Nf6 33. Re7 Rc8 34.
Bxe5 h5 35. d6 Nd7 36. Bb2 f6 37. Qh6 1-0

[Event "St.Petersburg Rapid 2016"]
[Site "St Petersburg RUS"]
[Date "2016.08.27"]
[Round "5.5"]
[White "Lysyj, Igor"]
[Black "Klimov, Sergey"]
[Result "1-0"]
[WhiteTitle "GM"]
[BlackTitle "GM"]
[WhiteElo "2643"]
[BlackElo "2493"]
[WhiteFideId "4150120"]
[BlackFideId "4121759"]
[EventDate "2016.08.27"]

1. Nf3 c5 2. e3 g6 3. d4 Bg7 4. Be2 Nf6 5. O-O O-O 6. dxc5 Qa5 7. c4 Qxc5 8. Nc3
d6 9. e4 Nc6 10. Be3 Qa5 11. Rc1 Bg4 12. h3 Bxf3 13. Bxf3 Rfc8 14. Be2 Nd7 15.
a3 Qd8 16. f4 a5 17. Bg4 Rcb8 18. Rf2 Nc5 19. e5 a4 20. exd6 exd6 21. Nb5 Nb3
22. Rcc2 Ra6 23. Bf3 Ne7 24. Rfe2 Qd7 25. Bf2 Rd8 26. Bh4 f6 27. Qe1 Nf5 28.
Bd5+ Kf8 29. Be6 Qc6 30. Bxf5 gxf5 31. Re7 Nc5 32. Rxg7 Raa8 1-0

[Event "St.Petersburg Rapid 2016"]
[Site "St Petersburg RUS"]
[Date "2016.08.27"]
[Round "5.6"]
[White "Lintchevski, Daniil"]
[Black "Gordievsky, Dmitry"]
[Result "1/2-1/2"]
[WhiteTitle "GM"]
[BlackTitle "IM"]
[WhiteElo "2527"]
[BlackElo "2555"]
[WhiteFideId "4171055"]
[BlackFideId "24112798"]
[EventDate "2016.08.27"]

1. e4 c5 2. Nf3 d6 3. d4 cxd4 4. Nxd4 Nf6 5. Nc3 a6 6. Be2 e5 7. Nb3 Be7 8. Bg5
O-O 9. Bxf6 Bxf6 10. Qd3 Be6 11. Rd1 Nc6 12. Qxd6 Qxd6 13. Rxd6 Be7 14. Rd3 Nb4
15. Rd2 Bg5 16. Rd1 Nxc2+ 17. Kf1 Rac8 18. Nd5 Rfd8 19. h4 Bxd5 20. exd5 Be7 21.
a3 Nd4 22. Nxd4 exd4 23. Rxd4 Bf6 24. Rd1 Bxb2 25. Rh3 b5 1/2-1/2

[Event "St.Petersburg Rapid 2016"]
[Site "St Petersburg RUS"]
[Date "2016.08.27"]
[Round "5.7"]
[White "Usmanov, Vasily"]
[Black "Rozum, Ivan"]
[Result "0-1"]
[WhiteTitle "IM"]
[BlackTitle "GM"]
[WhiteElo "2423"]
[BlackElo "2585"]
[WhiteFideId "4135741"]
[BlackFideId "24104272"]
[EventDate "2016.08.27"]

1. d4 Nf6 2. Nf3 e6 3. g3 b6 4. Bg2 Bb7 5. O-O Be7 6. a4 a6 7. c3 O-O 8. Nbd2 c5
9. Qb3 d5 10. Ne5 Nbd7 11. Rd1 Nxe5 12. dxe5 Nd7 13. f4 c4 14. Qc2 b5 15. e4 Nc5
16. exd5 Bxd5 17. Nf1 Nd3 18. Be3 Qd7 19. Bd4 Qc6 20. Bxd5 Qxd5 21. Ne3 Qc6 22.
b3 Rfd8 23. axb5 axb5 24. Rxa8 Rxa8 25. bxc4 bxc4 26. Qg2 Qa4 27. Rb1 Rd8 28.
Qb7 Bf8 29. Qc7 Qa2 30. Rb7 Qf2+ 31. Kh1 Qf3+ 32. Kg1 Nf2 33. Qxf7+ Kh8 34. Qxe6
Rxd4 35. cxd4 Nh3+ 36. Qxh3 Qxe3+ 37. Kg2 Qe4+ 38. Kf2 Qxd4+ 39. Kf1 Qd1+ 40.
Kg2 Qd5+ 41. Kf1 Qxb7 42. Qh5 Qh1+ 43. Ke2 Qe4+ 44. Kf1 Qd3+ 45. Kg2 Qd5+ 46.
Kf1 c3 47. Qe8 Qc5 48. Kg2 c2 0-1

[Event "St.Petersburg Rapid 2016"]
[Site "St Petersburg RUS"]
[Date "2016.08.27"]
[Round "5.8"]
[White "Chigaev, Maksim"]
[Black "Moiseenko, Vadim"]
[Result "1-0"]
[WhiteTitle "IM"]
[BlackTitle "IM"]
[WhiteElo "2550"]
[BlackElo "2533"]
[WhiteFideId "4108116"]
[BlackFideId "4123700"]
[EventDate "2016.08.27"]

1. e4 c5 2. Nf3 d6 3. d4 cxd4 4. Qxd4 e5 5. Qd1 h6 6. Bc4 Nf6 7. Nc3 Be7 8. O-O
a6 9. a4 Qc7 10. Bb3 Nbd7 11. Be3 Nc5 12. Bxc5 Qxc5 13. Qd3 O-O 14. Nd5 Nxd5 15.
Bxd5 Rb8 16. c3 Kh8 17. b4 Qc7 18. a5 Bd7 19. Nd2 f5 20. Rfd1 f4 21. Rac1 f3 22.
g3 Bg5 23. Rc2 Bxd2 24. Rcxd2 Bb5 25. c4 Ba4 26. Ra1 Qd7 27. Qf1 Rbc8 28. Rd3
Bc6 29. h3 Qe8 30. Kh2 Qg6 31. Re1 Rf6 32. Ree3 Bxd5 33. Rxd5 Qe8 34. Qd3 Qf8
35. c5 Rc6 36. Kg1 Kh7 37. cxd6 Rcxd6 38. Rxd6 Rxd6 39. Rxf3 Rxd3 40. Rxf8 Rd4
41. b5 axb5 42. Rf7 Rxe4 43. Rxb7 b4 44. Kf1 Rc4 45. Rb5 Kg6 46. a6 Rc1+ 47. Ke2
Ra1 48. Rb6+ Kf5 49. Kd3 Ra2 50. Kc4 Ke4 51. Kb3 Ra3+ 52. Kxb4 Ra1 53. Rd6 h5
54. h4 Kf3 55. Rd3+ Kxf2 56. Ra3 Rb1+ 57. Kc5 Rb8 58. a7 Ra8 1-0

[Event "St.Petersburg Rapid 2016"]
[Site "St Petersburg RUS"]
[Date "2016.08.27"]
[Round "5.9"]
[White "Lavrov, Maxim1"]
[Black "Romanov, Evgeny"]
[Result "0-1"]
[WhiteTitle "IM"]
[BlackTitle "GM"]
[WhiteElo "2369"]
[BlackElo "2619"]
[WhiteFideId "4166418"]
[BlackFideId "4148843"]
[EventDate "2016.08.27"]

1. e4 e5 2. Nf3 Nc6 3. Bb5 g6 4. c3 a6 5. Ba4 d6 6. d4 Bd7 7. Bg5 f6 8. Be3 Bg7
9. d5 Nce7 10. Bxd7+ Qxd7 11. c4 h6 12. Nc3 f5 13. h4 Nf6 14. Qc2 O-O 15. O-O-O
b5 16. exf5 gxf5 17. cxb5 axb5 18. Qb3 Kh8 19. Ng5 f4 20. Bd2 b4 21. Qxb4 Nexd5
22. Qc4 Nxc3 23. Bxc3 d5 24. Qb3 Rfb8 25. Qc2 d4 26. a3 Rb6 27. Qg6 Kg8 28. Bb4
Qc6+ 29. Kb1 hxg5 30. f3 Nd5 0-1

[Event "St.Petersburg Rapid 2016"]
[Site "St Petersburg RUS"]
[Date "2016.08.27"]
[Round "5.11"]
[White "Popov, Ivan RUS"]
[Black "Nazaretyan, Tigran"]
[Result "1-0"]
[WhiteTitle "GM"]
[WhiteElo "2596"]
[BlackElo "2298"]
[WhiteFideId "4170350"]
[BlackFideId "24162345"]
[EventDate "2016.08.27"]

1. e4 c5 2. Nf3 d6 3. d4 cxd4 4. Nxd4 Nf6 5. Nc3 Nc6 6. f3 e5 7. Nb3 Be7 8. Be3
O-O 9. Qd2 a5 10. Bb5 Na7 11. Bc4 Nc6 12. Na4 Be6 13. Bd5 Bxd5 14. exd5 Nb4 15.
Nb6 Ra6 16. c3 Rxb6 17. Bxb6 Qxb6 18. cxb4 axb4 19. O-O-O Ra8 20. Kb1 Qa6 21.
Nc1 Qb5 22. Qd3 Ra5 23. Nb3 Qxd3+ 24. Rxd3 Rxd5 25. Rhd1 Rxd3 26. Rxd3 d5 27.
Na5 b6 28. Nc6 Bd6 29. Kc2 g5 30. Kb3 h5 31. Nxb4 d4 32. Kc4 g4 33. a4 h4 34.
Nd5 Nd7 35. fxg4 Nc5 36. Nxb6 Nxd3 37. Kxd3 f6 38. a5 Bc7 39. b4 Kf7 40. Nc4 Ke6
41. Ke4 Kd7 42. b5 Kc8 43. a6 Kb8 44. b6 Bd8 45. h3 Ka8 46. g5 fxg5 47. Kxe5 d3
48. Ke4 d2 49. b7+ Ka7 50. Nxd2 Bc7 51. Kd5 Kxa6 52. Kc6 Bb8 53. Ne4 Ka7 54.
Nxg5 Bg3 55. Ne4 Bf4 56. Nc5 Bc7 57. Nd7 Bb8 58. Nxb8 Kxb8 59. Kd6 1-0

[Event "St.Petersburg Rapid 2016"]
[Site "St Petersburg RUS"]
[Date "2016.08.27"]
[Round "5.12"]
[White "Matlakov, Maxim"]
[Black "Leontiev, Aleksandr V."]
[Result "1-0"]
[WhiteTitle "GM"]
[BlackTitle "IM"]
[WhiteElo "2686"]
[BlackElo "2285"]
[WhiteFideId "4168003"]
[BlackFideId "4122968"]
[EventDate "2016.08.27"]

1. c4 e5 2. Nc3 Nf6 3. g3 c6 4. Nf3 e4 5. Nd4 Qb6 6. Nb3 a5 7. d3 d5 8. Be3 Qd8
9. cxd5 a4 10. Nd2 exd3 11. dxc6 Nxc6 12. Nc4 Bb4 13. Qxd3 Qxd3 14. exd3 a3 15.
O-O-O axb2+ 16. Kxb2 Bxc3+ 17. Kxc3 O-O 18. Rd2 Be6 19. Bg2 Bd5 20. Bxd5 Nxd5+
21. Kb2 b5 22. Nb6 Nxb6 23. Bxb6 Ra6 24. Bc5 Rfa8 25. Ra1 b4 26. d4 f6 27. Kb3
Kf7 28. f4 Ra3+ 29. Kc4 R3a4 30. Kb5 R8a6 31. d5 Na7+ 32. Kc4 Ke8 1-0

[Event "St.Petersburg Rapid 2016"]
[Site "St Petersburg RUS"]
[Date "2016.08.28"]
[Round "6.2"]
[White "Chigaev, Maksim"]
[Black "Alekseev, Evgeny"]
[Result "1/2-1/2"]
[WhiteTitle "IM"]
[BlackTitle "GM"]
[WhiteElo "2550"]
[BlackElo "2636"]
[WhiteFideId "4108116"]
[BlackFideId "4138147"]
[EventDate "2016.08.27"]

1. Nf3 d5 2. d4 Nf6 3. Bf4 c5 4. e3 cxd4 5. exd4 Nc6 6. c3 Bg4 7. Nbd2 e6 8. Qb3
Qc8 9. Bd3 Be7 10. h3 Bh5 11. O-O O-O 12. Rfe1 Bg6 13. Bxg6 hxg6 14. Ne5 Re8 15.
a4 Nd7 16. Nxd7 Qxd7 17. Nf3 Rac8 1/2-1/2

[Event "St.Petersburg Rapid 2016"]
[Site "St Petersburg RUS"]
[Date "2016.08.28"]
[Round "6.3"]
[White "Romanov, Evgeny"]
[Black "Lysyj, Igor"]
[Result "0-1"]
[WhiteTitle "GM"]
[BlackTitle "GM"]
[WhiteElo "2619"]
[BlackElo "2643"]
[WhiteFideId "4148843"]
[BlackFideId "4150120"]
[EventDate "2016.08.27"]

1. d4 Nf6 2. c4 e6 3. g3 d5 4. Bg2 Be7 5. Nf3 O-O 6. O-O dxc4 7. Ne5 Nc6 8. Bxc6
bxc6 9. Nxc6 Qe8 10. Nxe7+ Qxe7 11. Qc2 c5 12. Qxc4 cxd4 13. Qxd4 e5 14. Qh4 h6
15. Nd2 Qe6 16. Ne4 Nxe4 17. Qxe4 Ba6 18. Bd2 f5 19. Qe3 f4 20. gxf4 Qg4+ 21.
Qg3 Qxe2 22. Bc3 Rxf4 23. Rfe1 Qc4 24. h3 Qf7 25. Bxe5 Rf3 26. Qh4 Rf8 27. Bg3
Bb7 28. Kh2 Qd5 29. Rg1 g5 0-1

[Event "St.Petersburg Rapid 2016"]
[Site "St Petersburg RUS"]
[Date "2016.08.28"]
[Round "6.4"]
[White "Rozum, Ivan"]
[Black "Alekseenko, Kirill"]
[Result "0-1"]
[WhiteTitle "GM"]
[BlackTitle "GM"]
[WhiteElo "2585"]
[BlackElo "2582"]
[WhiteFideId "24104272"]
[BlackFideId "4135539"]
[EventDate "2016.08.27"]

1. Nf3 d5 2. g3 Nf6 3. Bg2 c6 4. c4 dxc4 5. O-O Bf5 6. Na3 b5 7. b3 cxb3 8. axb3
e6 9. Bb2 Be7 10. Nh4 Bg4 11. h3 Bh5 12. g4 Nd5 13. Nf3 Bg6 14. Ne5 O-O 15. f4
Nd7 16. Nxd7 Qxd7 17. e4 Nb4 18. d4 f5 19. d5 fxg4 20. dxe6 Qxd1 21. Raxd1 gxh3
22. Bh1 Rad8 23. f5 Bh5 24. Rxd8 Rxd8 25. Nb1 Nd3 26. Bc3 Be2 27. f6 Bc5+ 28.
Kh2 Bxf1 0-1

[Event "St.Petersburg Rapid 2016"]
[Site "St Petersburg RUS"]
[Date "2016.08.28"]
[Round "6.5"]
[White "Novik, Maxim"]
[Black "Popov, Ivan RUS"]
[Result "0-1"]
[WhiteTitle "GM"]
[BlackTitle "GM"]
[WhiteElo "2480"]
[BlackElo "2596"]
[WhiteFideId "4102924"]
[BlackFideId "4170350"]
[EventDate "2016.08.27"]

1. d4 Nf6 2. Bg5 c5 3. Nc3 cxd4 4. Qxd4 Nc6 5. Qh4 e6 6. e4 Be7 7. O-O-O d6 8.
f4 Qa5 9. Nf3 a6 10. Kb1 h6 11. Bc4 Rg8 12. Rhe1 hxg5 13. fxg5 b5 14. gxf6 Bxf6
15. Qh7 Ne7 16. Bb3 g6 17. Qh6 Bxc3 18. bxc3 Qxc3 19. Rxd6 Bb7 20. Qf4 g5 21.
Qe5 Rc8 22. Red1 Qxe5 23. Nxe5 Bxe4 24. Ng4 Rg6 25. Ne5 Rf6 26. Rxa6 Rf2 27. Ra7 0-1

[Event "St.Petersburg Rapid 2016"]
[Site "St Petersburg RUS"]
[Date "2016.08.28"]
[Round "6.6"]
[White "Gubajdullin, Alexei"]
[Black "Dubov, Daniil"]
[Result "0-1"]
[WhiteTitle "FM"]
[BlackTitle "GM"]
[WhiteElo "2367"]
[BlackElo "2648"]
[WhiteFideId "4141202"]
[BlackFideId "24126055"]
[EventDate "2016.08.27"]

1. b3 e5 2. Bb2 Nc6 3. c4 g6 4. h4 Nf6 5. e3 Bg7 6. Be2 h6 7. h5 g5 8. Nf3 d6 9.
Nc3 O-O 10. Qc2 Re8 11. Nh2 a5 12. Nf1 Nd7 13. Nd5 Nb4 14. Nxb4 axb4 15. Ng3 Nc5
16. O-O Qd7 17. d4 exd4 18. exd4 Ne6 19. Nf5 Nf4 20. Bg4 Qc6 21. Bf3 Bxf5 22.
Qxf5 Qb6 23. g3 Ne2+ 24. Kg2 c6 25. c5 Qb5 26. Be4 dxc5 27. Bd3 Qa5 28. Bc4 Qc7
29. Qxc5 Qd7 30. Rae1 Nf4+ 31. gxf4 Qg4+ 32. Kh2 Qxf4+ 33. Kg2 Qg4+ 34. Kh2
Qxh5+ 35. Kg2 Qg4+ 36. Kh2 Bf8 37. Qb6 Bd6+ 38. Re5 Bxe5+ 39. dxe5 Rxa2 40. Qxb7
Qf4+ 41. Kg2 Rxb2 42. Qxc6 Qg4+ 43. Kh2 Qh4+ 44. Kg2 Qg4+ 45. Kh2 Qh5+ 46. Kg2
Rxe5 47. Qc8+ Kg7 48. Qd7 Re4 49. Rd1 Rxf2+ 50. Kxf2 Qh2+ 51. Kf3 Rf4+ 52. Ke3
Qg3+ 53. Kd2 Rf2+ 54. Be2 Qc3# 0-1

[Event "St.Petersburg Rapid 2016"]
[Site "St Petersburg RUS"]
[Date "2016.08.28"]
[Round "6.7"]
[White "Kukhmazov, Arsen"]
[Black "Matlakov, Maxim"]
[Result "1/2-1/2"]
[WhiteTitle "IM"]
[BlackTitle "GM"]
[WhiteElo "2399"]
[BlackElo "2686"]
[WhiteFideId "24108260"]
[BlackFideId "4168003"]
[EventDate "2016.08.27"]

1. d4 Nf6 2. c4 e6 3. Nf3 b6 4. a3 Bb7 5. Nc3 d5 6. Bg5 Be7 7. Qa4+ Qd7 8. Qb3
dxc4 9. Qxc4 O-O 10. Rd1 Rc8 11. e3 Qe8 12. Be2 c5 13. O-O Nbd7 14. h3 a6 15.
Qb3 b5 16. dxc5 Nxc5 17. Qa2 Nd5 18. Rc1 Bf8 19. Nd2 h6 20. Bh4 Nxc3 21. Rxc3 g5
22. Bg3 Bg7 23. Rc2 Ne4 24. Rxc8 Rxc8 25. Nxe4 Bxe4 26. Bd1 Rc1 27. f3 Bd5 28.
Bb3 Bxb3 29. Qxb3 Qc6 30. Be1 Qc5 31. Bd2 Rc2 32. Bb4 Qc4 33. Qxc4 bxc4 34. Rd1
Bxb2 35. Rd8+ Kg7 36. Ra8 c3 37. Rxa6 Re2 38. Rc6 Rxe3 39. a4 Re1+ 40. Kf2 Ra1
41. a5 Ra4 42. Bxc3+ Bxc3 43. Rxc3 Rxa5 44. Rc4 Kf6 45. h4 Kg6 46. hxg5 hxg5 47.
Rb4 f5 48. Rc4 Kf6 49. Rc2 Ra4 50. Rb2 Ke5 51. Re2+ Kf6 52. Rb2 g4 53. Re2 e5
54. Rb2 Kg5 55. Re2 Ra5 56. Rb2 Rc5 57. Re2 Rb5 58. Ra2 Rd5 59. Re2 f4 60. Ra2
g3+ 61. Ke2 Rb5 62. Rc2 Kf5 63. Ra2 Rb1 64. Kd3 Re1 65. Kd2 Rg1 66. Kd3 Re1 67.
Kd2 Re3 68. Ra8 Rb3 69. Ra2 e4 70. fxe4+ Kxe4 71. Ke2 Kf5 72. Ra5+ Kg4 73. Ra8
Rb2+ 74. Kf1 Rb1+ 75. Ke2 Rb2+ 76. Kf1 Rb1+ 77. Ke2 Rg1 78. Rg8+ Kf5 79. Rf8+
Ke5 80. Re8+ Kd6 81. Kf3 Rf1+ 82. Kg4 Rf2 83. Re4 f3 84. Kxg3 Rxg2+ 85. Kxf3 1/2-1/2

[Event "St.Petersburg Rapid 2016"]
[Site "St Petersburg RUS"]
[Date "2016.08.28"]
[Round "6.8"]
[White "Pridorozhni, Aleksei"]
[Black "Artamonov, Valery"]
[Result "1-0"]
[WhiteTitle "GM"]
[WhiteElo "2579"]
[BlackElo "2240"]
[WhiteFideId "4127870"]
[BlackFideId "24100480"]
[EventDate "2016.08.27"]

1. e4 g6 2. d4 Bg7 3. c4 d6 4. Nc3 Nc6 5. Be3 e5 6. Nge2 Nh6 7. d5 Na5 8. Qa4+
c6 9. Nc1 O-O 10. b4 Nxc4 11. Bxc4 b5 12. Qc2 bxc4 13. dxc6 Be6 14. Nd5 f5 15.
Qxc4 Kh8 16. Ne2 Ng4 17. g3 f4 18. gxf4 Nxe3 19. fxe3 exf4 20. O-O-O fxe3 21.
Nd4 Bg4 22. Rde1 e2 23. h3 Qg5+ 24. Kc2 Qe5 25. hxg4 Qxe4+ 26. Kb3 Bxd4 27. Rxe2
Qf3+ 28. Ka4 Be5 29. Qe4 Qf7 30. Rc1 Rfc8 31. Rec2 Rab8 32. b5 Qe8 33. Qc4 Bg7
34. Kb4 Qe5 35. Re2 Rxc6 36. Rxe5 Rxc4+ 37. Rxc4 Bxe5 38. Rc7 Bd4 39. Kc4 Bb6
40. Rd7 Rc8+ 41. Kd3 Rf8 42. g5 Bd8 43. Rxa7 Bxg5 44. b6 Rb8 45. a4 h5 46. a5 h4
47. Rf7 Kg8 48. Rf1 Bd8 49. Rb1 h3 50. Rh1 Kf7 51. Rxh3 Ke6 52. Kc4 Rc8+ 53. Kd4
Rb8 54. Rh7 g5 55. Nc7+ Bxc7 56. Rxc7 g4 57. b7 g3 58. a6 Rg8 59. a7 g2 60. Rc1
Rg4+ 1-0

[Event "St.Petersburg Rapid 2016"]
[Site "St Petersburg RUS"]
[Date "2016.08.28"]
[Round "6.9"]
[White "Triapishko, Olexandr"]
[Black "Lintchevski, Daniil"]
[Result "1/2-1/2"]
[BlackTitle "GM"]
[WhiteElo "2466"]
[BlackElo "2527"]
[WhiteFideId "14122286"]
[BlackFideId "4171055"]
[EventDate "2016.08.27"]

1. e4 e6 2. d3 d5 3. Nd2 c5 4. Ngf3 Nc6 5. g3 g6 6. Bg2 Bg7 7. O-O Nf6 8. exd5
Nxd5 9. Nb3 b6 10. c4 Nde7 11. d4 cxd4 12. Nfxd4 Bb7 13. Bg5 Nxd4 14. Bxb7 Rb8
15. Bg2 h6 16. Bf4 Rc8 17. Nxd4 Qxd4 18. Qa4+ Qd7 19. Qxd7+ Kxd7 20. Rad1+ Ke8
21. b3 Nf5 22. Bc1 Nd4 23. Rd2 Rd8 24. Rfd1 e5 25. Kf1 Kd7 26. f4 f6 27. Bb2 Kc7
28. Bxd4 exd4 29. Rxd4 Rxd4 30. Rxd4 f5 31. Rd3 Re8 32. Bd5 Re7 33. b4 Bf6 34.
Ra3 Kd6 35. Bf3 Rd7 36. c5+ bxc5 37. Ra6+ Ke7 38. bxc5 g5 39. c6 Rc7 40. Ra3
gxf4 41. gxf4 Bd4 42. Rd3 Bb6 43. a4 Ke6 44. Bd5+ Kf6 45. Rh3 Rh7 46. Ke2 h5 47.
Rb3 h4 48. Kd3 Re7 49. Kc4 Bc7 50. Kb5 Bxf4 51. h3 Ke5 52. Bf3 Kd4 53. Ka6 Rc7
54. Bh1 Rg7 55. Rf3 Ke5 56. Rc3 Kd4 57. Rf3 Ke5 58. Rd3 Kf6 59. Rb3 Rg1 60. Bd5
Ra1 61. Kb7 Rxa4 62. c7 Bxc7 63. Kxc7 Rd4 64. Kd6 a5 65. Ra3 Rd2 66. Rc3 Kg5 67.
Ke5 Re2+ 68. Kd4 Rd2+ 69. Ke5 Re2+ 70. Kd4 1/2-1/2

[Event "St.Petersburg Rapid 2016"]
[Site "St Petersburg RUS"]
[Date "2016.08.28"]
[Round "6.10"]
[White "Sukhareva, Evgeniya"]
[Black "Rakhmanov, Aleksandr"]
[Result "0-1"]
[BlackTitle "GM"]
[WhiteElo "2152"]
[BlackElo "2641"]
[WhiteFideId "4167155"]
[BlackFideId "4173708"]
[EventDate "2016.08.27"]

1. d4 Nf6 2. c4 d6 3. Nc3 e5 4. d5 Bf5 5. Nf3 Be7 6. g3 Ne4 7. Nxe4 Bxe4 8. Bg2
O-O 9. O-O f5 10. Nd2 Bxg2 11. Kxg2 e4 12. Rb1 Nd7 13. b4 Qe8 14. Bb2 Qg6 15.
Qc2 h5 16. f4 h4 17. Nb3 Kf7 18. Nd4 Rh8 19. Ne6 Rh7 20. g4 Qxg4+ 21. Kh1 Bf6
22. Rg1 Qh5 23. Nxc7 Rc8 24. Ne6 Ke7 25. c5 Qe8 26. Rbc1 Kf7 27. Bxf6 gxf6 28.
Qb3 Ke7 29. Qh3 dxc5 30. Qxf5 Rh5 31. Rg7+ Kd6 32. bxc5+ Rxc5 33. Rxd7+ Qxd7 34.
Qxh5 Rxc1+ 35. Kg2 Qb5 36. Nd4 Qxd5 37. Nb5+ Kc5 38. Qe8 e3+ 39. Kh3 Qf5+ 40.
Kxh4 Qxf4+ 41. Kh3 Qf5+ 0-1

[Event "St.Petersburg Rapid 2016"]
[Site "St Petersburg RUS"]
[Date "2016.08.28"]
[Round "6.11"]
[White "Markelova, Lubov"]
[Black "Gordievsky, Dmitry"]
[Result "0-1"]
[WhiteTitle "WFM"]
[BlackTitle "IM"]
[WhiteElo "2108"]
[BlackElo "2555"]
[WhiteFideId "24131369"]
[BlackFideId "24112798"]
[EventDate "2016.08.27"]

1. Nf3 c5 2. c4 b6 3. g3 Bb7 4. Bg2 g6 5. O-O Bg7 6. Nc3 d6 7. d3 Nf6 8. Bd2 O-O
9. Qc1 Re8 10. a3 Nc6 11. Ne1 Qd7 12. Rb1 e6 13. b4 cxb4 14. axb4 d5 15. c5 bxc5
16. bxc5 Rec8 17. Nb5 Ne8 18. Nc2 e5 19. Qa3 Nd8 20. Rfc1 Bf8 21. d4 exd4 22.
Ncxd4 a6 23. Nd6 Nxd6 24. cxd6 Bxd6 25. Qb3 Be5 26. Nf3 Bg7 27. Ba5 Rxc1+ 28.
Rxc1 Ne6 29. Bh3 Rc8 30. Rb1 Bc6 31. Qb6 Bb5 32. Qe3 Rc2 33. Ne5 Qd6 34. Nd3 Bd4
35. Qf3 Ng5 36. Qg2 Rxe2 37. Nf4 Rxf2 0-1

[Event "St.Petersburg Rapid 2016"]
[Site "St Petersburg RUS"]
[Date "2016.08.28"]
[Round "6.12"]
[White "Bodnaruk, Anastasia"]
[Black "Kuzmin, Egor"]
[Result "1-0"]
[WhiteTitle "IM"]
[BlackTitle "FM"]
[WhiteElo "2465"]
[BlackElo "2266"]
[WhiteFideId "4181751"]
[BlackFideId "24101737"]
[EventDate "2016.08.27"]

1. e4 c5 2. b3 Nc6 3. Bb2 d6 4. Nf3 Nf6 5. Nc3 e5 6. h3 g6 7. Bc4 Bg7 8. d3 O-O
9. O-O h6 10. Nd5 Rb8 11. a4 a6 12. Nxf6+ Bxf6 13. Nh2 b5 14. axb5 axb5 15. Bd5
Ne7 16. Ng4 Nxd5 17. exd5 Bg7 18. f4 f5 19. Ne3 Qe7 20. Re1 Re8 21. c4 exf4 22.
Nc2 Be5 23. d4 cxd4 24. Nxd4 Qf7 25. Qd2 Bd7 26. Ra7 Re7 27. Nc6 Bxc6 28. Rxe7
Qxe7 29. dxc6 Qa7+ 30. Kh2 Bxb2 31. Qxd6 Ba3 32. Qxg6+ Qg7 33. c7 Rf8 34. Qxg7+
Kxg7 35. cxb5 f3 36. b6 f2 37. Rd1 Bc5 38. b7 Bd6+ 39. Rxd6 f1=Q 40. Rd7+ Kg6
41. c8=Q Qf4+ 42. Kg1 Qe3+ 43. Kf1 Qf4+ 44. Ke2 Rf6 45. Qe8+ Kg5 46. Rg7+ 1-0

[Event "St.Petersburg Rapid 2016"]
[Site "St Petersburg RUS"]
[Date "2016.08.28"]
[Round "7.2"]
[White "Popov, Ivan RUS"]
[Black "Alekseenko, Kirill"]
[Result "1-0"]
[WhiteTitle "GM"]
[BlackTitle "GM"]
[WhiteElo "2596"]
[BlackElo "2582"]
[WhiteFideId "4170350"]
[BlackFideId "4135539"]
[EventDate "2016.08.27"]

1. e4 e5 2. Nf3 Nc6 3. Bc4 Bc5 4. d3 Nf6 5. c3 d6 6. Bg5 h6 7. Bh4 a6 8. a4 Ba7
9. Nbd2 Be6 10. O-O Ne7 11. Bxe6 fxe6 12. Qb3 Qc8 13. d4 exd4 14. Bxf6 gxf6 15.
cxd4 e5 16. Rac1 exd4 17. Nc4 Nc6 18. Nh4 Kd8 19. Nf5 Bc5 20. Nd2 Re8 21. Ng7
Re7 22. Nh5 Rb8 23. Qg8+ Re8 24. Qg7 Re7 25. Qxh6 Qe6 26. Qh8+ Re8 27. Ng7 Rxh8
28. Nxe6+ Ke7 29. Nxc5 dxc5 30. Rxc5 Rbd8 31. Rfc1 d3 32. f4 Rd4 33. R5c4 Rhd8
34. Kf2 f5 35. exf5 R8d6 36. g4 Rh6 37. Kg3 Kd6 38. g5 Rh8 39. f6 Ke6 40. Rxd4
Nxd4 41. Rxc7 Nf5+ 42. Kg2 Ne3+ 43. Kf3 Rh3+ 44. Ke4 Nf5 45. Nc4 d2 46. f7 Nd6+
47. Nxd6 Re3+ 48. Kxe3 d1=Q 49. f8=Q Qe1+ 50. Kd3 Qd1+ 51. Kc3 Qe1+ 52. Kb3 Qd1+
53. Rc2 Qd3+ 54. Rc3 Qd1+ 55. Kb4 a5+ 56. Kxa5 b6+ 57. Kb4 Kd5 1-0